000 00272nam a2200109Ia 4500
008 231212s1984 xx 000 0 und d
041 _aeng
082 _a621.381
100 _aLad J.D.
245 _aPetlele Partantrya & Dhumste Swatantrya
260 _aDelhi
_bTata Mc
_c1984
999 _c959350
_d959350